• 首页
  • 本馆介绍
  • 公告通知
  • 最新文献
  • 馆藏检索
  • 电子资源
  • 读者导购
  • 参考咨询
  • 我的图书馆
  • 登录
  • 详细信息显示
  • 放入我的书架
  • 预约/预借图书
  • 作者相关作品
  • 分类相关作品
  • 丛书相关作品
  • 出版社相关作品

书目信息

  • 表格格式
  • 工作单格式
  • 卡片格式
书名: Left-handed teaching
作者: [by] Gloria A. Castillo
分册号:
分册名:
出版地: New York :
 
出版社: Praeger
出版时间: [1974].
页数: 234 p. ;
开本: 22 cm.
丛书名:
中图分类号:
科图分类号:
其他分类号: G424
主题词:
电子资源:
000 00972nam 2200313 a 4500
001 E0736674554
005 20070207101328.92
008 00110 eng
008 uu
010    @a73003679 //r904
040    @aDLC @cDLC @dDLC
049    @aN5LA
050 00 @aLB1072 @b.C37 1974
082 00 @a372.1/3
090    @a2-89/G610/C35////////////787729
090    @aG424
096    @aG610 @v2
099    @dG424@ex3=2
100 10 @aCastillo, Gloria A.
245 10 @aLeft-handed teaching :@blessons in affective education / @c[by] Gloria A. Castillo
260 0  @aNew York :@bPraeger,@c[1974].
300    @a234 p. ;@c22 cm.
350    @a$7.50
504    @aBibliography: p. 221-223.
650  0 @aSenses and sensation in children. @b00 @c20020930 @lNLC09 @h2247 @lNLC09 @h2307 @lNLC09 @h1858
650  0 @aEmotions in children.
650  0 @aEducation @xAims and objectives.
650  0 @aAffective education.
852 9  @bWWJC @cJ08N @k2-89 @hG610 @iC35
    
    Left-handed teaching : : lessons in affective education / / [by] Gloria A. Castillo.-New York : : Praeger, , [1974].
    234 p. ; ; 22 cm.
    Bibliography: p. 221-223.
    
    ISBN
    
●
相关链接 在E读中查询图书 在五车中查询图书 在当当中查询图书 在豆瓣中查询图书


正题名:Left-handed teaching     索取号:G424/x3=2         预约/预借

序号 登录号 条形码 馆藏地/架位号 状态 备注
1 183096   001171975   第四借阅区/ [索取号:G424/x3=2] 在馆    
唐山师范学院图书馆 欢迎您!
大连网信软件有限公司© 版权所有